| 000 | 00790nam a22002417a 4500 | ||
|---|---|---|---|
| 005 | 20250116170649.0 | ||
| 010 | _aENG-100841 ENG-143471 | ||
| 020 |
_a9788172087180 (V.2) _c149.00 |
||
| 020 |
_a9788172087821 (-1) _c101.00 |
||
| 035 | _aEN-84374 | ||
| 035 | _aEN-127003 | ||
| 037 | _bDBAD/PUB | ||
| 082 | _a230.3 | ||
| 245 |
_aChinna Katha: _bStories and Parables/ |
||
| 260 |
_aPrasanthi Nilayam _bSri Sathya Sai Sadhana Trust _c2009 |
||
| 270 |
_aAnantapur District _bPrasanthi Nilayam _e515134 |
||
| 300 |
_aV.2 (xi,353p.) _c22cm (pb) |
||
| 300 |
_aV.1 (219p.) _c22cm (pb) |
||
| 490 | _vVol 1, Vol 2 | ||
| 505 | _a Quoted from the divine discourses of Bhagvan Sri Sathya Sai Baba | ||
| 650 |
_aSpiritual life- Hinduism _976695 |
||
| 942 |
_2ddc _cEN _h230.3 _mCHI |
||
| 999 |
_c42458 _d42458 |
||